| 000 | 01280nam0a2200325 4500 | ||
|---|---|---|---|
| 001 | RU\NLR\BIBL_A\012025254 | ||
| 005 | 20190620170227.0 | ||
| 010 |
_a978-5-17-114840-9 _95000 |
||
| 021 |
_aRU _bКН-П-19-033132 _9КН-П-19-2463 |
||
| 035 | _a(NLR Aleph) 012025254 | ||
| 035 | _a(RuMoRGB)009971250 | ||
| 090 |
_a11522616 _c11522616 |
||
| 100 | _a20190529d2019 b y0rusy50 ca | ||
| 101 | 0 | _arus | |
| 102 | _aRU | ||
| 105 | _aa j 000zy | ||
| 200 | 1 |
_aПервый учебник малыша. От 6 месяцев до 3 лет _fОлеся Жукова |
|
| 210 |
_aМосква _cАСТ _d2019 |
||
| 215 |
_a127 с. _cцв. ил. _d21 |
||
| 225 | 1 | _aЛучшие методики Олеси Жуковой | |
| 333 | _a0+; 6- | ||
| 517 | 1 | _aОт 6 месяцев до 3 лет | |
| 606 | 1 |
_aДети раннего возраста _xВоспитание и обучение _xЖуковой О.С. методика _92328446 _3RU\NLR\auth\661392550 |
|
| 686 | 1 | _aЧ491.31-11 | |
| 700 | 1 |
_7ca _8rus _aЖукова _bО. С. _cврач-дефектолог _gОлеся Станиславовна _99393 _3RU\NLR\AUTH\7726350 |
|
| 942 | _cBOOK | ||
| 980 | _aNBR | ||
| 980 | _aNB | ||